000 02276cas a2200529 i 4500
001 22060186
003 OSt
005 20230808153126.0
008 191024c20149999ke ar p 0 0eng c
010 _a 2019234253
_z 2021315038
020 _a9966021236
035 _a(OCoLC)on1124929175
040 _aHVL
_beng
_erda
_cHVL
_dHVL
_dDLC
_dOCLCO
_dDLC
_dOCLCO
_dNYP
041 0 _aeng
_afre
042 _apcc
043 _afb-----
050 4 _aKQC985
_b.I58 2021
245 0 0 _aInternational criminal justice in Africa, 2020
_bEdited by Bernard Ntahiraja & Gerhard Kemp
260 _aAfrica
_bKonrad
_c2021
300 _avolumes ;
_c24 cm
310 _aAnnual
336 _atext
_btxt
_2rdacontent
337 _aunmediated
_bn
_2rdamedia
338 _avolume
_bnc
_2rdacarrier
362 1 _aBegan with: 2014?
500 _aEdited by HJ van der Merwe and Gerhard Kemp, <2016- >
500 _aPapers by members of the Konrad Adenauer Stiftung's African Group of Experts on International Criminal Justice.
546 _aIn English and French.
580 _aContinues a monograph under the title: Power and prosecution : challenges and opportunities for international criminal justice in Sub-Saharan Africa.
588 _aDescription based on: 2016; title from title page.
588 _aLatest issue consulted: 2019.
590 _aAcquired via LC overseas office. Nairobi Field Office. Most recent issues may not yet be available in LC.
650 0 _aInternational criminal law
_zAfrica, Sub-Saharan
_vPeriodicals.
650 0 _aCriminal justice, Administration of
_zAfrica, Sub-Saharan
_vPeriodicals.
650 0 _aInternational criminal courts
_zAfrica, Sub-Saharan
_vPeriodicals.
650 7 _aCriminal justice, Administration of.
_2fast
_0(OCoLC)fst00883246
650 7 _aInternational criminal courts.
_2fast
_0(OCoLC)fst00976876
650 7 _aInternational criminal law.
_2fast
_0(OCoLC)fst01784719
651 7 _aAfrica.
_2fast
_0(OCoLC)fst01239509
700 1 _aVan der Merwe, HJ,
_eeditor.
700 1 _aKemp, Gerhard,
_eeditor.
710 2 _aAfrican Group of Experts on International Criminal Justice,
_eissuing body.
906 _a7
_bcbc
_cserials
_d2
_encip
_f20
_gn-oclcserc
942 _2lcc
_cBK
999 _c20212
_d20211